| 000 | 00530nam a2200181 a 4500 | ||
|---|---|---|---|
| 041 | _aUrdu | ||
| 082 | 0 | 0 |
_a011.2915 _bASA |
| 100 | _aAsadi Mirza Mohammad, Wali Khan | ||
| 245 | _aFehrist-E-Kutub, Kitab Khana-E-Mubarak | ||
| 260 |
_aIran _bMash`had _c1924 |
||
| 300 | _a20 | ||
| 500 | _aincludes index and biblioraphy | ||
| 505 | 2 | _a12 Volumes in Bounded in Six Volumes | |
| 505 | 2 | _a12 Volumes in Bounded in Six Volumes00 | |
| 650 | _aCatalogue-Private Collection | ||
| 700 | 1 | _aAsadi Mirza Mohammad, Wali Khan | |
| 942 | _cBK | ||
| 999 |
_c2516 _d2516 |
||